00780nam a2200217 a 450000100100000000500170001000800410002704000250006808200170009310000510011024501160016124600500027726000620032730000210038949000220041065000210043265000240045370000370047774000260051483000220054000002123220200930011253.0100902s1972 sp 000 d spa d aDO-SdBNPbspacBNPHU a842.4bP831t1 aMolièrecJean Baptiste Poquellind1622-1673.10aTartufo o el impostor :bcomedias en cinco actos /cMolière ; traducción y notas Julio Gómez de la Serna.13aEl despecho amoroso:bcomedias en cinco actos aBarcelona, (España) :bEditorial Ramón Sopena,c1972. a176 p. ;c17 cm.1 aBiblioteca Sopena 4aTeatro francés 4aLiteratura francesa1 aGómez de la Serna, Julio,etr.1 aEl espertador amoroso 0aBiblioteca Sopena